000
00287nam a2200133Ia 4500
005
20251222141852.0
008
251222s9999||||xx |||||||||||||| ||spa||
082
_a
869.569/C86
100
_a
Coyné, André
245
0
_a
Cesar Vallejo
250
_a
2a.ed.
264
_b
SEA
942
_c
LIB
999
_c
7762
_d
7762